00745nam a22001337a 4500999001700000008004100017050002200058100002200080245036800102260006200470300002600532650002000558942003300578 c21018d21018170120b xxu||||| |||| 00| 0 eng d aNA730b.M6M5 1952 aTorbert,Donald R. aA century of Minnesota architecture. Organized by the Minneapolis Institue of Arts as a contribution to the Minnesota Statehood Centennial for showings at the Minneapolis Institute of Arts, Rochester Art Center, Winona County Art Committee, the Saint Paul Gallery and School of Art, Tweed Gallery of the University of Minnesota, Duluth Branch./cDonald R. Torbert aMinneapolis :b Minneapolis Society of Fine Arts, cc1952 a78p. :bill. ;c26cm. a Architecture.  2lcccBOOKShNA730 .M6M5 1952